00429nam a2200145Ia 4500082002300000100001500023245006300038260004900101300001000150500002100160650002300181650002600204650002100230650003200251 a304.60720954 JAI-; aJain, S.P. 0aDemography: a status study on population research in India aNew DelhibTata McGraw-Hill Publishingc1975 a265p. aContents: Vol.2. aDemography - India aBirth control - India aFertility, Human aPopulation research - India